Statistics for The Presidents of Estonia

Click here to take the quiz!

General Stats

  • This quiz has been taken 24 times
  • The average score is 4 of 5

Answer Stats

HintAnswer% Correct
5.Kersti Kaljulaid
91%
2.Lennart Meri
87%
4.Toomas Hendrik Ilves
83%
1.Konstantin Päts
78%
3.Arnold Rüütel
65%

Score Distribution

Percentile by Number Answered

Percent of People with Each Score

Your Score History

You have not taken this quiz